000 00544nam a2200205Ia 4500
005 20250508165439.0
008 008 250505s9999 xx 000 0 hin d
020 _a81-85726-72-8
037 _aTextual
040 _aFEDL
_beng
_cFEDL
041 _ahin
_2eng
084 _a509.2, MUL
_qFEDL
100 _aMuley Gunakar
_9398672
245 0 _aMahan bharatiya vaigyanik
260 _aDelhi, India
_bYatri Prakashan
_c2005
300 _a214p.
365 _aINR
_b250
942 _cTEXL
_h509.2, MUL
999 _c1395140
_d1395140